| 000 | 00461 a2200145 4500 | ||
|---|---|---|---|
| 005 | 20250508101151.0 | ||
| 020 | _a978-2-203-00649-2 | ||
| 082 | _aF HER | ||
| 100 | _aHERGE | ||
| 245 | _aLes Aventures De Tintin: On a Marche' Sur La Lune | ||
| 260 |
_aFrance, _bCasterman, _c2007. |
||
| 300 |
_a62p., ill., _c22cm. |
||
| 856 |
_yAccess Online Book _fLes Aventures De Tintin: On a Marche' Sur La Lune _dwww.casterman.com / www.tintin.com |
||
| 942 |
_2ddc _cBKS |
||
| 999 |
_c2170 _d2170 |
||